000 00302nam a2200133Ia 4500
008 150201s2007 xx 000 0 und d
082 _a616.7
_bM07U
100 _aUMA,K
245 _aMCQ'S IN PATHOLOGY
250 _a1ST
260 _bARYA PUB.
_aDELHI
_c2007
650 _aPATHOLOGY
942 _2ddc
_cBK
_012
999 _c935
_d935